|
|
|
|
| LEADER |
00886nam a2200205 a 4500 |
| 001 |
GR-MES7766 |
| 008 |
010313s1996 gr 000 0 gre d |
| 020 |
|
|
|a 9707219481
|
| 040 |
|
|
|a GrPaTEI
|b gre
|c GR-PaULI
|
| 040 |
|
|
|a GrPaTEI
|b gre
|c GR-PaULI
|
| 245 |
0 |
0 |
|a Εργαστηριακές ασκήσεις ηλεκτρονικών /
|c Γεώργιος Σαραντίδης.
|
| 260 |
|
|
|a Θεσσαλονικη :
|b Α.Τζιόλα,
|c 1996
|
| 300 |
|
|
|a 354 σελ.
|
| 650 |
|
4 |
|a ΗΛΕΚΤΡΟΝΙΚΗ
|
| 650 |
|
4 |
|a ΨΗΦΙΑΚΑ ΗΛΕΚΤΡΟΝΙΚΑ
|
| 700 |
1 |
|
|a ΣΑΡΑΝΤΙΔΗΣ, ΓΕΩΡΓΙΟΣ
|
| 942 |
|
|
|2 ddc
|
| 952 |
|
|
|0 0
|1 0
|2 ddc
|4 0
|6 333_793000000000000_2_ΣΑΡ
|7 0
|9 278127
|a MSLG
|b MSLG
|c BSC
|d 2021-01-17
|e 24
|f 0
|g 0.00
|l 0
|o 333.793 2 ΣΑΡ
|p 2420000018534
|r 2021-01-17 00:00:00
|t 1
|w 2021-01-17
|y BK15
|x 20010313 0 1
|x GrPaTEI
|
| 971 |
|
|
|a .b25862364
|b 16-04-20
|c 14-09-16
|
| 999 |
|
|
|c 161755
|d 161755
|